[Event "FRA-ch U18 Girls"]
[Site "Hyeres"]
[Date "2002.??.??"]
[Round "2.9"]
[White "Favraud, Emilie"]
[Black "Le Diouron, Aurelie"]
[Result "0-1"]
[WhiteElo "1310"]
[BlackElo "1860"]
[PlyCount "108"]
[EventDate "2002.04.05"]
[EventType "swiss"]
[EventRounds "9"]
[EventCountry "FRA"]
[SourceTitle "EXT 2003"]
[Source "ChessBase"]
[SourceDate "2002.11.25"]
[SourceVersion "1"]
[SourceVersionDate "2002.11.25"]
[SourceQuality "1"]

1. e4 c5 2. Nc3 a6 3. Nf3 e6 4. Bc4 b5 5. Bf1 Nc6 6. d4 cxd4 7. Nxd4 Qc7 8. g3 Nf6 9. Bg2 Bb7 10. Nxc6 Bxc6 11. Qe2 Rc8 12. Bf4 Qb7 13. Rc1 b4 14. Nd1 Nxe4 15. f3 Nf6 16. Nf2 Bc5 17. Be5 Be7 18. 0-0 0-0 19. Rcd1 Bb5 20. Nd3 Qb6+ 21. Kh1 Nd5 22. Rfe1 d6 23. Bf4 Nxf4 24. gxf4 Bf6 25. Qe4 Rc4 26. Qe3 Qxe3 27. Rxe3 Rxc2 28. a3 bxa3 29. bxa3 Rc3 30. Bf1 Rxa3 31. Re4 d5 32. Rb4 Rc8 33. Ne5 Bxf1 34. Rxf1 h6 35. Nd7 Bc3 36. Rb7 a5 37. Rc1 d4 38. Ne5 Rf8 39. Nc4 Ra2 40. Ra7 Bb4 41. Rd1 Bc3 42. Rd3 Rb8 43. Rd1 d3 44. Ne3 Re2 45. Rxd3 Rb1+ 46. Nd1 Bb4 47. Rd8+ Kh7 48. Rxf7 Re1+ 49. Kg2 Rbxd1 50. Ra8 Re2+ 51. Kh3 Rh1 52. f5 Rhxh2+ 53. Kg3 Rhg2+ 54. Kf4 Bd6# 0-1